000 00844nam a22002295i 4500
001 176467
003 ES-MaACL
005 20250829131839.0
008 110118s1969 sp |||| | spa d
080 _a2:37
080 _a27-14
245 0 0 _aRespuestas de hombre a las llamadas de Dios
_b: plan y material para lecciones bíblicas /
_cpor un equipo pedagógico del profesorado de Alsacia.
260 _aMadrid :
_bApostolado de la prensa,
_cimp. 1969.
300 _a52 p. ;
_c23 cm.
490 1 _aCuadernos de pedagogía religiosa. Niños nº 3 ;
_v1
650 4 _aReligión-
_xEnseñanza.
_9144779
650 0 4 _aDios-
_xConcepto bíblico.
_911902
710 0 _aApostolado de la Prensa.
_91403
830 0 0 _aCuadernos de pedagogía religiosa
_v1
_9190056
852 _aES-MaACL
_jE-14075 (1)
_xOlim P-1658
999 _c176467
_d176467